000 00696nam a2200181Ia 4500
003 GCL
008 140319s9999 xx 000 0 ara d
040 _aGCL /
_cGCL
082 0 4 _aق
_b962
_bم م
100 1 _aمحمد مصطفى صفوت
245 1 0 _aمصر المعاصرة وقيام الجمهورية العربية المتحدة: التطور السياسى 1882 - 1958 /
_cمحمد مصطفى صفوت
300 _a350 ص
490 _a100 قصة
_v0
650 0 4 _aثورة 23 يوليو 1952
650 0 4 _aمصر - تاريخ - العصر الحديث - ثورة 1919
650 0 4 _aمصر - تاريخ - العصر الحديث - الثورة العرابية
942 _2ddc
_cBK
999 _c45360
_d45360